00718nam a2200205Ia 4500003000900000008004100009040001600050080002600066110003300092245009900125260005000224300000900274500001900283650002500302650001800327650002100345942000700366999001500373952012400388IN-BaIIA211028s9999 xx 000 0 eng d cIIA Library a083.7:669.14-423bISI aIndian Standards Institution 0aIndian standard specification for bright bars (standard quality)cIndian Standards Institution aNew DelhibIndian Standards Institutionc1974 a10p. aIS 7270 : 1974 a Bright Stars99103 a Standards  aNASA Thesaurus  cBK c5119d5119 00104070aBANbBANcGENd1976-12-22g5.00l0o083.7:669.14-423/ ISIp5718r2021-11-05v5.00w1976-12-22yBKGRs. 5.00